Statistics for Best University Academically by state

Click here to take the quiz!

General Stats

  • This quiz has been taken 51 times
  • The average score is 36 of 43

Answer Stats

StateAnswer% Correct
AlabamaAlabama
97%
ArkansasArkansas
97%
ArizonaArizona
95%
FloridaFlorida
95%
MassachusettsHarvard
95%
CaliforniaStanford
95%
ColoradoColorado
92%
DelawareDelaware
92%
HawaiiHawaii
92%
IowaIowa
92%
KansasKansas
92%
KentuckyKentucky
92%
MinnesotaMinnesota
92%
MontanaMontana
92%
NebraskaNebraska
92%
ConnecticutYale
92%
MichiganMichigan
89%
MississippiMississippi
89%
New JerseyPrinceton
89%
WashingtonWashington
89%
New YorkColumbia
86%
North CarolinaDuke
86%
New MexicoNew Mexico
86%
OklahomaOklahoma
86%
OregonOregon
86%
Rhode IslandBrown
84%
IllinoisChicago
84%
PennsylvaniaPenn
84%
WisconsinWisconsin
84%
VirginiaVirginia
81%
New HamphireDartmouth
78%
GeorgiaGeorgia Tech
78%
LouisianaTulane
78%
VermontVermont
78%
WyomingWyoming
78%
IndianaNotre Dame
76%
TennesseeVanderbilt
73%
MarylandJohns Hopkins
70%
TexasRice
65%
UtahBrigham Young
57%
MissouriWashington University
54%
South CarolinaClemson
49%
OhioCase Western
46%

Score Distribution

Percentile by Number Answered

Percent of People with Each Score

Your Score History

You have not taken this quiz